| 000 | 01073nam0a2200301 4500 | ||
|---|---|---|---|
| 001 | RU\NLR\BIBL_A\011602336 | ||
| 005 | 20250626095950.0 | ||
| 035 | _a(NLR Aleph) 011602336 | ||
| 090 |
_a10896483 _c10896483 |
||
| 100 | _a20180125d1973 |||y0rusy50 ca | ||
| 101 | 0 | _ache | |
| 102 | _aRU | ||
| 105 | _ay z 000 y | ||
| 200 | 1 |
_aКъорIан - дуьнен чохь язйина кнмга ю _fХ. Б. Мамлеев |
|
| 210 |
_aГрозный _cНохч-ГIалгIайн кн. изд-во _d1973 |
||
| 215 |
_a32,[1] с. _d17 |
||
| 225 | 1 | _aАтеистана гIоьнна | |
| 300 | _aВ вып. дан. авт.: Мамлеев Хусамн Бургаевич | ||
| 320 | _aБиблиогр. в подстроч. примеч | ||
| 541 | 1 |
_aКоран - книга земная _zrus |
|
| 605 |
_aКоран _91276425 _3RU\NLR\AUTH\66526004 |
||
| 686 | 1 | _aЭ16 | |
| 686 | 1 | _aЭ38-2 | |
| 700 | 1 |
_aМамлеев _bХ.Б. _gХусяин Бурганович |
|
| 852 |
_aNLR _bОНЛ _jЧеч./2-715 |
||
| 942 | _cBOOK | ||
| 980 | _aNB | ||